000 00722cam a2200217 a 4500
001 3051186
005 20180223084441.0
008 960402s1996 nyua 000 0 eng
010 _a 96008067
020 _a0786862564
040 _aDLC
_cDLC
_dDLC
041 _aeng
080 _a613.7 GRE
082 0 0 _a613.7 GRE
_220
100 1 _a8
101 _aEKF
245 1 0 _aMake the connection :
_cBob Greene and Oprah Winfrey ; [illustrations by Julie Johnson].
906 _a7
_bcbc
_corignew
_d1
_eocip
_f19
_gy-gencatlg
942 _2ddc
_cBK
999 _c43326
_d43326